Mystery Taylor Swift Song #92 - Statistics

General Stats
  • This quiz has been taken 260 times
  • The average score is 39 of 123
Answer Stats
Song % Correct
Debut
90%
"I
85%
I
85%
a
80%
the
74%
you
74%
me
73%
an
70%
And
69%
love
69%
I'm
67%
it
66%
my
65%
on
65%
we
65%
when
65%
to
63%
you're
58%
no
57%
be
56%
do
56%
it's
56%
of
56%
go
55%
if
53%
said
53%
But
51%
were
51%
what
51%
like
50%
that
50%
They
50%
why
50%
was
48%
I'll
46%
I'd
43%
know
43%
out
43%
all
42%
oh
42%
at
41%
can't
41%
up
40%
had
39%
by
38%
didn't
37%
just
36%
back
35%
could
35%
see
35%
heart
34%
now
34%
only
33%
Think
33%
You'll
32%
you'd
29%
got
28%
about
27%
down
27%
every
26%
hand
26%
won't
26%
look
25%
will
25%
yeah
24%
night
23%
I Heart ?
22%
thought
22%
baby
20%
make
20%
mark"
20%
question
20%
There's
20%
Written
20%
ask
19%
right
19%
way
19%
still
17%
beat
16%
break
15%
everything
15%
something
15%
alone
14%
bet
14%
home
14%
into
14%
made
14%
put
14%
Wake
13%
wrong
13%
Before
12%
cry
12%
plan
12%
talk
12%
took
12%
Wish
12%
believe
11%
came
11%
haven't
11%
Sit
11%
smell
11%
fine
10%
Fix
10%
through
10%
wonder
10%
Another
9%
fell
9%
mess
9%
walked
9%
alright
8%
planned
8%
Remember
8%
Wait
8%
blue
7%
phone
7%
black
6%
alive
5%
complicated
5%
concentrated
5%
created
5%
overrated
5%
Someday
5%
Realize
4%
No matching quizzes found
Score Distribution
Percent of People with Each Score
Percentile by Number Answered
Your Score History
You have not taken this quiz